| 000 | 00535nam a22000977a 4500 | ||
|---|---|---|---|
| 008 | 170626b xxu||||| |||| 00| 0 eng d | ||
| 100 | _aWeiss, William | ||
| 245 | _aThe foreign mail cancellations of New York City 1870-1878 | ||
| 260 |
_a[Bethlehem? PA] _b[The Author] _c1990 |
||
| 650 | _aUnited States -- New York -- New York City | Postal Markings | Fancy Cancels | International Mail | Postal History | 1870-1878 | 19th Century | Post Offices | Maritime Mail | Shipping Companies and Packet Service | Transoceanic Mail | Covers | Collections | ||
| 999 |
_c2436 _d2436 |
||